000 00490nam a2200193Ia 4500
005 20140405095452.0
008 140130s9999 xx 000 0 und d
020 _a0439312396
050 _aPZ 8.3
_b.W4125Mn 2000
100 _aWeeks, Sarah
245 _cSarah Weeks.
_aMrs McNosh and the great big squash /
260 _bScholastic,
_c2000.
_aUSA :
300 _a30 p. :
_bcol. ill. ;
_c21 cm.
440 _v1
521 _aG2
526 _c470
942 _cBK
_2lcc
999 _c40441
_d40441